| 000 | 00972nam0a22002531 4500 | ||
|---|---|---|---|
| 001 | v19\rc\1671071 | ||
| 005 | 20061002142425.4 | ||
| 035 | _a(NLR Aleph) 004778602 | ||
| 090 |
_a4663546 _c4663546 |
||
| 100 | _a20061002d1893 |||y0rusy50 ca | ||
| 101 | 0 | _arus | |
| 102 | _aRU | ||
| 105 | _ay z ||||| | ||
| 200 | 1 |
_aЛегкий и дешевый способ обеспечить ежегодный урожай и увеличить плодородность земли, из долголетней практики агронома А.Д. Минус _eБрошюрка важна сел. хозяину _fСоч. А.Д. Минус |
|
| 210 |
_aМосква _cт-во скоропеч. А.А. Левенсон _d1893 |
||
| 215 |
_a13 с. _d21 |
||
| 700 | 1 |
_aМинус _bА. Д. |
|
| 801 | 0 |
_aRU _bNLR _gpsbo |
|
| 801 | 0 |
_aRU _bRuMoRGB _2psbo |
|
| 801 | 1 |
_aRU _bProSoft-M _2rusmarc |
|
| 852 |
_aNLR _j18.182.2.312 |
||
| 899 |
_aRuMoRGB _jA 206/503 |
||
| 942 | _cBOOK | ||
| 980 | _aNB | ||